| 000 | 00367nam a22001577a 4500 | ||
|---|---|---|---|
| 003 | SGT | ||
| 020 | _a978-93-5152-531-8 | ||
| 082 |
_a617.7 _bP15L |
||
| 100 | _aLUMBROSO, BRUNO | ||
| 245 | _aPRACTICAL HAND BOOK OF OCT (RETINA, CHOROID GLAUCOMA) | ||
| 250 | _a2ND | ||
| 260 |
_aINDIA _bJAYPEE _c2015 |
||
| 300 | _a235 | ||
| 650 | _aOPHTHALMOLOGY | ||
| 942 |
_2ddc _cBK |
||
| 999 |
_c19701 _d19701 |
||